000
00325nam a2200109Ia 4500
008
200302s9999 xx 000 0 und d
100
_a
Rakesh Johri
245
_a
E Waste Implications regulations and Management in India regulations global best practices and current
260
_b
Teri pub
260
_c
2009
300
_a
355 P.,
999
_c
4006
_d
4006